• 首页
  • 本馆介绍
  • 公告通知
  • 最新文献
  • 馆藏检索
  • 电子资源
  • 读者导购
  • 参考咨询
  • 我的图书馆
  • 登录
  • 详细信息显示
  • 放入我的书架
  • 预约/预借图书
  • 作者相关作品
  • 分类相关作品
  • 丛书相关作品
  • 出版社相关作品

书目信息

  • 表格格式
  • 工作单格式
  • 卡片格式
题名:
丝绸锦缎
    
 
作者: 肖东发 主编 ;戚光英 编著
分册:  
出版信息: 北京   现代出版社  2015
页数: 164页
开本: 24cm
丛书名: 中华精神家园
单 册:
中图分类: TS1-092
科图分类:
主题词: 纺织工业--文化史--中国--古代
电子资源:
ISBN: 978-7-5143-3047-2
000 00817oam2 2200265 450
001 2335299601
005 20231117155507.74
010    @a978-7-5143-3047-2@dCNY29.80
100    @a20151101d2015 em y0chiy50 ea
101 0  @achi
102    @aCN@b110000
105    @aa z 000yy
200 1  @a丝绸锦缎@Asi chou jin duan@e古代纺织精品与布艺@f肖东发主编@g戚光英编著
210    @a北京@c现代出版社@d2015
215    @a164页@c图@d24cm
225 2  @a中华精神家园@i衣食天下
410  0 @12001 @a中华精神家园
410  0 @12001 @a衣食天下
517 1  @a古代纺织精品与布艺@9gu dai fang zhi jing pin yu bu yi
606 0  @a纺织工业@x文化史@y中国@z古代
690    @aTS1-092@v5
701  0 @a肖东发@Axiao dong fa@4主编
702  0 @a戚光英@Aqi guang ying@4编著
801  0 @aCN@b91MARC@c20151101
905    @aZUCC@dTS1-092@e3
    
    丝绸锦缎:古代纺织精品与布艺/肖东发主编/戚光英编著.-北京:现代出版社,2015
    164页:图;24cm.-(中华精神家园.衣食天下)
    
    
    ISBN 978-7-5143-3047-2:CNY29.80
    
●
相关链接 在五车中查询图书 在当当中查询图书 在豆瓣中查询图书


正题名:丝绸锦缎     索取号:TS1-092/3         预约/预借

序号 登录号 条形码 馆藏地/架位号 状态 备注
1 2000998813   2000998813   第四书库/四28架B面4层6列/ [索取号:TS1-092/3] 在馆    
2 2000998814   2000998814   第四书库/四28架B面4层6列/ [索取号:TS1-092/3] 在馆    
3 2000998815   2000998815   第四书库/四28架B面4层6列/ [索取号:TS1-092/3] 在馆    
4 2000998816   2000998816   第四书库/四28架B面4层6列/ [索取号:TS1-092/3] 在馆    
5 2000998817   2000998817   第四书库/四28架B面4层6列/ [索取号:TS1-092/3] 在馆    
6 2000998818   2000998818   第四书库/四28架B面4层6列/ [索取号:TS1-092/3] 在馆    
山东省滨州职业学院图书馆 欢迎您!
大连网信软件有限公司© 版权所有